Otras Disposiciones Fiscales 2016

Bibliographic Details
Main Author: Přez Chavez, Još
Other Authors: Fol Olguin, Raymundo
Format: Book
Language:Spanish
Published: Mx̌ico Tax Editores 2016
Subjects:
Online Access:Acceso restringido

MARC

LEADER 00000nam a22000007a 4500
005 20160704114429.0
007 cr|||| ||u|
008 160704s2016 mx ||||| |||| 00||0 spa d
020 |a 978-607-440-924-6  
035 |a 14364 
040 |a vLex 
090 |c 6223  |d 6223 
100 1 |a Přez Chavez, Još 
245 1 0 |a Otras Disposiciones Fiscales 2016  |h [Recurso electrn̤ico] / 
256 |a Servicio en ln̕ea 
260 |a Mx̌ico  |b Tax Editores  |c 2016 
300 |a 1 recurso electrn̤ico 
506 1 |a Contenido solo disponible en los productos indicados  |d vLex Global  |d vLex Global (Academic Edition, excluding Law Schools)  |d vLex Global (U.S. Academic Edition, Law Schools)  |d vLex Global (U.S. Academic Edition, excluding Law Schools)  |d vLex Global (Academic Edition, Law Schools) 
650 0 4 |a Derecho fiscal  |b Mx̌ico  
700 1 |a Fol Olguin, Raymundo 
740 0 |a vLex libros (servicio en ln̕ea) 
856 4 0 |u http://vlex.com/source/otras-disposiciones-fiscales-2016-14364  |z Acceso restringido 
942 |c BOOK 
999 0 |a Taxation  |b Mx̌ico